| 000 | 00737nam0a2200253 4500 | ||
|---|---|---|---|
| 001 | RU\NLR\b_ik\96588 | ||
| 005 | 20250616224919.0 | ||
| 010 | _a5-900036-12-Х | ||
| 035 | _a(NLR Aleph) 002170553 | ||
| 090 |
_a2648546 _c2648546 |
||
| 100 | _a20030408d2002 |||y0rusy50 ca | ||
| 101 | 0 | _aeng | |
| 102 | _aRU | ||
| 105 | _ay ||||||||| | ||
| 200 | 1 |
_aTaiga law _eA narrative of Siberian misadventure _fSergei Roy |
|
| 210 |
_aM. _cMoskovskiye novosti _d2002 |
||
| 215 |
_a144 с. _d19 |
||
| 686 | 2 | _aШ6(2=Р)77англ. | |
| 700 | 1 |
_aRoj _bS. _f1936- _gSergej _4070 |
|
| 801 | 0 |
_aRU _bNLR _c20030408 _gPSBO |
|
| 942 | _cBOOK | ||
| 980 | _aNB | ||